000 00479 a2200169 4500
005 20260311121308.0
008 260311b |||||||| |||| 00| 0 eng d
020 _a9781041086383
040 _cSDCL
041 _2eng
_aeng
084 _aV1:24'P R5
100 _aThunder, David
_9858802
245 _aThe Polycentric Republic :
_bA Theory of Civil Order for Free and Diverse Societies
260 _aLondon :
_bRoutledge,
_c2025.
300 _axix, 199p.
942 _cTEXL
_2CC
999 _c1672512
_d1672512